[Event "DVM U16 2017"]
[Site "Walldorf GER"]
[Date "2017.12.27"]
[Round "1"]
[White "Leonard, Timo"]
[Black "Grimm, Ling Leander"]
[Result "1-0"]
[Termination "normal"]
[Board "6.2"]
[WhiteElo "1762"]
[BlackElo "1830"]
[WhiteClock "00:12:16"]
[BlackClock "00:05:32"]
[WhiteTeam "SV Hemer"]
[BlackTeam "SK Bebenhausen"]
[PlyCount "129"]
[WhiteFideId "16208757"]
[BlackFideId "12968277"]
[EventCountry "GER"]
[EventRounds "7"]
[EventType "team-swiss"]
[EventDate "2017.12.26"]

1. e4 c5 2. Nf3 Nc6 3. d4 cxd4 4. Nxd4 g6 5. c4 Nf6 6. Nc3 Nxd4 7. Qxd4 d6 8.
f3 Bg7 9. Be3 O-O 10. Qd2 Be6 11. Rc1 Qa5 12. Be2 Rfc8 13. b3 a6 14. Nd5 Qxd2+
15. Kxd2 Nxd5 16. cxd5 Bd7 17. Rxc8+ Rxc8 18. Rc1 Rxc1 19. Kxc1 {[%clk
0:26:43]} Be5 {[%clk 0:29:52]} 20. g3 {[%clk 0:22:54]} h5 {[%clk 0:18:14]} 21.
Kd2 {[%clk 0:15:05]} Kg7 {[%clk 0:12:01]} 22. a4 {[%clk 0:13:07]} e6 {[%clk
0:09:33]} 23. f4 {[%clk 0:08:22]} Bb2 {[%clk 0:05:41]} 24. Kc2 {[%clk 0:05:50]}
Ba1 {[%clk 0:05:04]} 25. Bd2 {[%clk 0:04:44]} exd5 {[%clk 0:04:40]} 26. exd5
{[%clk 0:05:06]} Kf6 {[%clk 0:04:34]} 27. Bc3+ {[%clk 0:04:58]} Bxc3 {[%clk
0:04:57]} 28. Kxc3 {[%clk 0:05:23]} Bh3 {[%clk 0:04:34]} 29. Bf3 {[%clk
0:05:01]} Bf1 {[%clk 0:04:22]} 30. h4 {[%clk 0:03:39]} Bh3 {[%clk 0:03:18]} 31.
a5 {[%clk 0:03:47]} Kf5 {[%clk 0:02:02]} 32. Kd4 {[%clk 0:03:41]} Bf1 {[%clk
0:01:27]} 33. Ke3 {[%clk 0:03:05]} Bh3 {[%clk 0:01:20]} 34. Kd4 {[%clk
0:03:17]} Bg4 {[%clk 0:01:27]} 35. Be4+ {[%clk 0:03:36]} Kf6 {[%clk 0:01:48]}
36. Ke3 {[%clk 0:01:47]} Bd1 {[%clk 0:01:29]} 37. b4 {[%clk 0:02:08]} Bg4
{[%clk 0:01:15]} 38. Kd4 {[%clk 0:02:11]} Bf5 {[%clk 0:01:26]} 39. Bf3 {[%clk
0:02:27]} Bh3 {[%clk 0:01:06]} 40. Be4 {[%clk 0:02:41]} Kg7 {[%clk 0:00:41]}
41. Ke3 {[%clk 0:25:55]} Bd7 {[%clk 0:19:41]} 42. Kd4 {[%clk 0:25:40]} Kf6
{[%clk 0:19:50]} 43. Ke3 {[%clk 0:25:24]} Bf5 {[%clk 0:19:16]} 44. Bf3 {[%clk
0:25:32]} Bc2 {[%clk 0:18:30]} 45. Kd4 {[%clk 0:25:13]} Kf5 {[%clk 0:18:19]}
46. Ke3 {[%clk 0:22:04]} Ba4 {[%clk 0:17:22]} 47. Kd4 {[%clk 0:21:47]} Bb5
{[%clk 0:16:35]} 48. Ke3 {[%clk 0:21:31]} Bf1 {[%clk 0:16:18]} 49. Kd4 {[%clk
0:21:07]} Bg2 {[%clk 0:14:36]} 50. Bxg2 {[%clk 0:16:29]} Kg4 {[%clk 0:15:01]}
51. Bf1 {[%clk 0:10:49]} Kxg3 {[%clk 0:14:42]} 52. Bxa6 {[%clk 0:10:56]} bxa6
{[%clk 0:14:21]} 53. b5 {[%clk 0:11:16]} axb5 {[%clk 0:14:44]} 54. a6 {[%clk
0:11:26]} Kxh4 {[%clk 0:14:28]} 55. a7 {[%clk 0:11:36]} Kg3 {[%clk 0:14:12]}
56. Ke4 {[%clk 0:11:48]} h4 {[%clk 0:13:22]} 57. a8=Q {[%clk 0:12:10]} b4
{[%clk 0:06:32]} 58. Qd8 {[%clk 0:10:23]} h3 {[%clk 0:05:48]} 59. Qg5+ {[%clk
0:10:40]} Kf2 {[%clk 0:04:55]} 60. Qh4+ {[%clk 0:11:04]} Kg2 {[%clk 0:04:49]}
61. Qg4+ {[%clk 0:11:27]} Kh2 {[%clk 0:04:39]} 62. Kf3 {[%clk 0:11:26]} b3
{[%clk 0:04:46]} 63. Qg3+ {[%clk 0:11:50]} Kh1 {[%clk 0:05:08]} 64. Qxh3+
{[%clk 0:12:16]} Kg1 {[%clk 0:05:32]} 65. Qg2# 1-0

[Event "DVM U16 2017"]
[Site "Walldorf GER"]
[Date "2017.12.27"]
[Round "1"]
[White "Freiherr von Hauff, Christopher"]
[Black "Mai, Artur"]
[Result "0-1"]
[Termination "normal"]
[Board "6.3"]
[WhiteElo "1804"]
[BlackElo "1578"]
[WhiteClock "00:26:36"]
[BlackClock "00:46:58"]
[WhiteTeam "SK Bebenhausen"]
[BlackTeam "SV Hemer"]
[PlyCount "138"]
[WhiteFideId "16200691"]
[BlackFideId "16206851"]
[EventCountry "GER"]
[EventRounds "7"]
[EventType "team-swiss"]
[EventDate "2017.12.26"]

1. e4 e5 2. f4 d5 3. exd5 exf4 4. Nf3 Nf6 5. Bb5+ c6 6. dxc6 Nxc6 7. O-O Qb6+
8. d4 Qxb5 9. Nc3 Qb6 10. Kh1 Bd6 11. d5 Ne7 12. a4 a6 13. a5 Qc5 14. Nd4 Nexd5
15. Nb3 Qc4 16. Nd2 Qc6 17. Nde4 Be7 18. Nxd5 Nxd5 19. Qe2 O-O 20. c4 Nf6
{[%clk 0:30:41]} 21. Nxf6+ {[%clk 0:33:06]} Bxf6 {[%clk 0:30:55]} 22. Bxf4
{[%clk 0:33:23]} Re8 {[%clk 0:30:23]} 23. Qd2 {[%clk 0:33:07]} Qxc4 {[%clk
0:29:33]} 24. Rac1 {[%clk 0:31:49]} Qb5 {[%clk 0:29:34]} 25. Rf2 {[%clk
0:26:55]} Be6 {[%clk 0:29:19]} 26. Bc7 {[%clk 0:19:40]} h6 {[%clk 0:28:39]} 27.
Rcf1 {[%clk 0:19:02]} Bg5 {[%clk 0:25:57]} 28. Qd6 {[%clk 0:17:04]} Qd7 {[%clk
0:23:54]} 29. Qg3 {[%clk 0:17:27]} Qe7 {[%clk 0:22:09]} 30. Be5 {[%clk
0:16:49]} Bc4 {[%clk 0:19:32]} 31. Re1 {[%clk 0:17:09]} f6 {[%clk 0:18:33]} 32.
h4 {[%clk 0:12:56]} fxe5 {[%clk 0:17:23]} 33. hxg5 {[%clk 0:13:20]} Qxg5 {[%clk
0:17:22]} 34. Qh2 {[%clk 0:12:42]} e4 {[%clk 0:17:22]} 35. Qc7 {[%clk 0:12:02]}
Qd5 {[%clk 0:12:45]} 36. Rc2 {[%clk 0:10:24]} Rac8 {[%clk 0:11:50]} 37. Qg3
{[%clk 0:10:36]} Bd3 {[%clk 0:11:01]} 38. Rd2 {[%clk 0:10:08]} Qxa5 {[%clk
0:10:51]} 39. Qf2 {[%clk 0:09:47]} Qh5+ {[%clk 0:10:37]} 40. Kg1 {[%clk
0:10:04]} Qc5 {[%clk 0:10:56]} 41. Qxc5 {[%clk 0:09:44]} Rxc5 {[%clk 0:11:25]}
42. Rxd3 {[%clk 0:09:39]} Rc2 {[%clk 0:11:46]} 43. Rb3 {[%clk 0:08:42]} Rd8
{[%clk 0:11:22]} 44. Rxb7 {[%clk 0:05:06]} Rdd2 {[%clk 0:11:18]} 45. Rxe4
{[%clk 0:03:51]} Rxg2+ {[%clk 0:11:31]} 46. Kh1 {[%clk 0:02:11]} Rxb2 {[%clk
0:11:50]} 47. Rxg7+ {[%clk 0:28:10]} Rxg7 {[%clk 0:42:38]} 48. Re8+ {[%clk
0:28:31]} Kh7 {[%clk 0:43:03]} 49. Rh8+ {[%clk 0:28:49]} Kg6 {[%clk 0:42:42]}
50. Rxh6+ {[%clk 0:29:09]} Kf5 {[%clk 0:42:49]} 51. Rf6+ {[%clk 0:28:57]} Ke4
{[%clk 0:42:47]} 52. Rf4+ {[%clk 0:27:03]} Kd3 {[%clk 0:43:13]} 53. Rd4+ {[%clk
0:25:32]} Kc2 {[%clk 0:42:31]} 54. Rc4+ {[%clk 0:25:36]} Kb1 {[%clk 0:42:15]}
55. Rc1+ {[%clk 0:25:44]} Ka2 {[%clk 0:42:44]} 56. Ra1+ {[%clk 0:26:01]} Kb3
{[%clk 0:42:53]} 57. Ra3+ {[%clk 0:26:11]} Kb4 {[%clk 0:42:44]} 58. Ra4+ {[%clk
0:26:03]} Kc5 {[%clk 0:42:30]} 59. Rc4+ {[%clk 0:25:31]} Kb6 {[%clk 0:42:55]}
60. Rc6+ {[%clk 0:25:13]} Kb7 {[%clk 0:43:13]} 61. Rc1 {[%clk 0:24:33]} Rb6
{[%clk 0:43:27]} 62. Rc2 {[%clk 0:24:06]} Rh6+ {[%clk 0:43:55]} 63. Rh2 {[%clk
0:24:26]} Rxh2+ {[%clk 0:44:24]} 64. Kxh2 {[%clk 0:24:48]} a5 {[%clk 0:44:46]}
65. Kh3 {[%clk 0:25:12]} a4 {[%clk 0:45:12]} 66. Kh4 {[%clk 0:25:36]} a3 {[%clk
0:45:40]} 67. Kh5 {[%clk 0:25:52]} a2 {[%clk 0:46:08]} 68. Kh6 {[%clk 0:26:14]}
a1=Q {[%clk 0:46:36]} 69. Kh5 {[%clk 0:26:36]} Qh1# {[%clk 0:46:58]} 0-1

[Event "DVM U16 2017"]
[Site "Walldorf GER"]
[Date "2017.12.27"]
[Round "1"]
[White "Naumenko, Valerija"]
[Black "Ortner, Jonas Ruben"]
[Result "1-0"]
[Termination "normal"]
[Board "6.4"]
[WhiteElo "1493"]
[BlackElo "1845"]
[WhiteClock "00:19:15"]
[BlackClock "00:07:01"]
[WhiteTeam "SV Hemer"]
[BlackTeam "SK Bebenhausen"]
[PlyCount "83"]
[WhiteFideId "16222890"]
[BlackFideId "16235118"]
[EventCountry "GER"]
[EventRounds "7"]
[EventType "team-swiss"]
[EventDate "2017.12.26"]

1. e4 c5 2. Nf3 Nc6 3. d4 cxd4 4. Nxd4 g6 5. c4 Nf6 6. Nc3 Nxd4 7. Qxd4 d6 8.
e5 dxe5 9. Qxe5 Bg7 10. Be2 O-O 11. Qg3 Be6 12. Be3 Qa5 13. O-O {[%clk
0:36:34]} Rfc8 {[%clk 0:47:28]} 14. c5 {[%clk 0:34:44]} Nd7 {[%clk 0:43:28]}
15. a3 {[%clk 0:25:08]} Qc7 {[%clk 0:35:41]} 16. Qxc7 {[%clk 0:20:29]} Rxc7
{[%clk 0:36:05]} 17. Nb5 {[%clk 0:18:55]} Rcc8 {[%clk 0:31:54]} 18. Nxa7 {[%clk
0:17:17]} Nxc5 {[%clk 0:23:54]} 19. Nxc8 {[%clk 0:17:25]} Rxc8 {[%clk 0:24:06]}
20. Rac1 {[%clk 0:16:46]} b6 {[%clk 0:21:32]} 21. b4 {[%clk 0:16:23]} Na4
{[%clk 0:17:01]} 22. Rxc8+ {[%clk 0:16:42]} Bxc8 {[%clk 0:17:27]} 23. Rd1
{[%clk 0:16:57]} Bf8 {[%clk 0:09:07]} 24. Rd8 {[%clk 0:16:55]} Kg7 {[%clk
0:07:38]} 25. Rxc8 {[%clk 0:17:06]} e6 {[%clk 0:07:25]} 26. Bh6+ {[%clk
0:16:56]} Kxh6 {[%clk 0:07:48]} 27. Rxf8 {[%clk 0:17:21]} Kg7 {[%clk 0:07:31]}
28. Rc8 {[%clk 0:17:42]} b5 {[%clk 0:06:30]} 29. Bxb5 {[%clk 0:17:45]} Nb6
{[%clk 0:06:51]} 30. Rc6 {[%clk 0:17:18]} Nd5 {[%clk 0:07:12]} 31. Bc4 {[%clk
0:17:01]} Ne7 {[%clk 0:06:02]} 32. b5 {[%clk 0:17:14]} e5 {[%clk 0:06:13]} 33.
Rc7 {[%clk 0:17:10]} e4 {[%clk 0:06:01]} 34. Rxe7 {[%clk 0:17:21]} e3 {[%clk
0:06:07]} 35. Rxe3 {[%clk 0:17:25]} f5 {[%clk 0:06:16]} 36. b6 {[%clk 0:17:50]}
f4 {[%clk 0:06:39]} 37. Re6 {[%clk 0:17:58]} f3 {[%clk 0:06:57]} 38. b7 {[%clk
0:18:18]} Kh6 {[%clk 0:06:29]} 39. b8=Q {[%clk 0:18:38]} fxg2 {[%clk 0:06:33]}
40. Qf4+ {[%clk 0:18:54]} Kg7 {[%clk 0:06:40]} 41. Re7+ {[%clk 0:19:15]} Kh8
{[%clk 0:07:01]} 42. Qf8# 1-0

[Event "DVM U16 2017"]
[Site "Walldorf GER"]
[Date "2017.12.27"]
[Round "1"]
[White "Schäfer, Nicolas"]
[Black "Koll, Lukas"]
[Result "0-1"]
[Termination "normal"]
[Board "7.1"]
[WhiteElo "1668"]
[BlackElo "1854"]
[WhiteClock "00:04:55"]
[BlackClock "00:13:20"]
[WhiteTeam "SVG Saarbrücken"]
[BlackTeam "Karlsruher SF"]
[PlyCount "90"]
[WhiteFideId "12988901"]
[BlackFideId "12969737"]
[EventCountry "GER"]
[EventRounds "7"]
[EventType "team-swiss"]
[EventDate "2017.12.26"]

1. Nf3 c5 2. c4 Nc6 3. d4 cxd4 4. Nxd4 Qb6 5. Nf3 g6 6. Nc3 Nf6 7. e4 d6 8. Be2
Bg7 9. O-O O-O 10. Rb1 Be6 11. Nd5 Qd8 12. Qc2 Nxe4 13. Qxe4 Bf5 {[%clk
1:14:00]} 14. Qh4 {[%clk 0:52:59]} Bxb1 {[%clk 1:13:45]} 15. Bh6 {[%clk
0:52:20]} Bf5 {[%clk 1:12:12]} 16. Ng5 {[%clk 0:49:30]} f6 {[%clk 1:11:40]} 17.
Bxg7 {[%clk 0:39:50]} fxg5 {[%clk 1:11:51]} 18. Qh6 {[%clk 0:39:38]} Rf7 {[%clk
1:11:36]} 19. Bc3 {[%clk 0:39:35]} e6 {[%clk 1:07:01]} 20. Ne3 {[%clk 0:38:11]}
e5 {[%clk 0:48:06]} 21. Nxf5 {[%clk 0:34:20]} gxf5 {[%clk 0:40:47]} 22. Bh5
{[%clk 0:33:55]} Rf8 {[%clk 0:35:53]} 23. Qe6+ {[%clk 0:22:22]} Kg7 {[%clk
0:30:13]} 24. f4 {[%clk 0:20:38]} gxf4 {[%clk 0:29:19]} 25. b4 {[%clk 0:17:00]}
Rf6 {[%clk 0:27:52]} 26. Qd5 {[%clk 0:17:11]} Qc7 {[%clk 0:23:32]} 27. Qf3
{[%clk 0:11:07]} Ne7 {[%clk 0:22:21]} 28. g3 {[%clk 0:10:56]} fxg3 {[%clk
0:21:41]} 29. Qxg3+ {[%clk 0:10:28]} Ng6 {[%clk 0:21:56]} 30. Qd3 {[%clk
0:07:27]} Raf8 {[%clk 0:20:22]} 31. Bd2 {[%clk 0:06:57]} f4 {[%clk 0:18:24]}
32. Bf3 {[%clk 0:05:33]} Nh4 {[%clk 0:17:23]} 33. Be4 {[%clk 0:05:34]} Nf5
{[%clk 0:17:18]} 34. Kh1 {[%clk 0:05:21]} Qd7 {[%clk 0:16:20]} 35. c5 {[%clk
0:04:56]} d5 {[%clk 0:11:21]} 36. Qxd5 {[%clk 0:04:09]} Qxd5 {[%clk 0:11:12]}
37. Bxd5 {[%clk 0:03:42]} Rd8 {[%clk 0:11:21]} 38. Rg1+ {[%clk 0:03:19]} Rg6
{[%clk 0:11:40]} 39. Be4 {[%clk 0:03:34]} Rxd2 {[%clk 0:11:08]} 40. Bxf5 {[%clk
0:03:56]} Rxg1+ {[%clk 0:11:27]} 41. Kxg1 {[%clk 0:04:22]} Rxa2 {[%clk
0:11:51]} 42. Be4 {[%clk 0:04:34]} Rb2 {[%clk 0:12:11]} 43. Bxb7 {[%clk
0:04:51]} Rxb4 {[%clk 0:12:37]} 44. c6 {[%clk 0:04:37]} Rc4 {[%clk 0:13:02]}
45. Kf2 {[%clk 0:04:55]} a5 {[%clk 0:13:20]} 0-1

[Event "DVM U16 2017"]
[Site "Walldorf GER"]
[Date "2017.12.27"]
[Round "1"]
[White "Koll, Linus"]
[Black "Jenner, Meikel"]
[Result "1-0"]
[Termination "normal"]
[Board "7.2"]
[WhiteElo "1850"]
[BlackElo "1592"]
[WhiteClock "00:48:55"]
[BlackClock "00:57:17"]
[WhiteTeam "Karlsruher SF"]
[BlackTeam "SVG Saarbrücken"]
[PlyCount "45"]
[WhiteFideId "12990299"]
[BlackFideId "16245342"]
[EventCountry "GER"]
[EventRounds "7"]
[EventType "team-swiss"]
[EventDate "2017.12.26"]

1. e4 Nf6 2. e5 Nd5 3. c4 Nb6 4. d4 d6 5. exd6 cxd6 6. d5 g6 7. Qd4 f6 8. h4
{[%clk 1:33:34]} e6 {[%clk 1:22:39]} 9. h5 {[%clk 1:30:22]} Qe7 {[%clk
1:19:57]} 10. Be2 {[%clk 1:21:06]} exd5 {[%clk 1:11:05]} 11. cxd5 {[%clk
1:21:20]} gxh5 {[%clk 1:10:43]} 12. Rxh5 {[%clk 1:17:36]} Bg7 {[%clk 1:09:00]}
13. Nc3 {[%clk 1:10:19]} Na6 {[%clk 1:06:12]} 14. Be3 {[%clk 1:08:17]} f5
{[%clk 1:04:39]} 15. Qd2 {[%clk 1:07:59]} Bd7 {[%clk 0:59:00]} 16. Bg5 {[%clk
1:02:02]} Bxc3 {[%clk 0:58:19]} 17. Qxc3 {[%clk 1:01:41]} Qe5 {[%clk 0:58:37]}
18. Qxe5+ {[%clk 0:58:46]} dxe5 {[%clk 0:59:00]} 19. Bf6 {[%clk 0:58:43]} Rg8
{[%clk 0:58:05]} 20. Rxh7 {[%clk 0:50:47]} Rxg2 {[%clk 0:57:37]} 21. Kf1 {[%clk
0:48:08]} Rg8 {[%clk 0:57:54]} 22. Bh5+ {[%clk 0:48:30]} Kf8 {[%clk 0:57:17]}
23. Be7# {[%clk 0:48:55]} 1-0

[Event "DVM U16 2017"]
[Site "Walldorf GER"]
[Date "2017.12.27"]
[Round "1"]
[White "Zha, Kevin"]
[Black "Fidlin, Simon"]
[Result "1/2-1/2"]
[Termination "normal"]
[Board "7.3"]
[WhiteElo "1516"]
[BlackElo "1825"]
[WhiteClock "00:26:29"]
[BlackClock "00:19:09"]
[WhiteTeam "SVG Saarbrücken"]
[BlackTeam "Karlsruher SF"]
[PlyCount "72"]
[WhiteFideId "16208951"]
[BlackFideId "16217535"]
[EventCountry "GER"]
[EventRounds "7"]
[EventType "team-swiss"]
[EventDate "2017.12.26"]

1. e4 c5 2. Nf3 e6 3. d4 cxd4 4. Nxd4 a6 5. Bd3 Bc5 6. Nb3 Ba7 7. Nc3 Nc6 8.
O-O d6 9. Qe2 Nge7 10. Be3 b5 11. Rad1 Bb7 {[%clk 1:28:30]} 12. Bxa7 {[%clk
1:15:06]} Nxa7 {[%clk 1:27:25]} 13. f4 {[%clk 1:09:12]} b4 {[%clk 1:23:35]} 14.
Nb1 {[%clk 1:07:35]} O-O {[%clk 1:20:16]} 15. Kh1 {[%clk 1:04:29]} Nac6 {[%clk
1:17:22]} 16. f5 {[%clk 0:57:23]} a5 {[%clk 1:04:48]} 17. fxe6 {[%clk 0:52:06]}
fxe6 {[%clk 1:02:05]} 18. Rxf8+ {[%clk 0:52:12]} Qxf8 {[%clk 1:01:44]} 19. Bc4
{[%clk 0:50:50]} d5 {[%clk 0:59:37]} 20. exd5 {[%clk 0:50:39]} exd5 {[%clk
0:59:52]} 21. Bxd5+ {[%clk 0:47:51]} Nxd5 {[%clk 0:59:15]} 22. Qe6+ {[%clk
0:47:02]} Kh8 {[%clk 0:59:22]} 23. Qxd5 {[%clk 0:45:54]} Rd8 {[%clk 0:56:58]}
24. Qh5 {[%clk 0:45:35]} g6 {[%clk 0:45:24]} 25. Rxd8 {[%clk 0:44:57]} Qxd8
{[%clk 0:44:08]} 26. Qe2 {[%clk 0:44:36]} Ba6 {[%clk 0:34:09]} 27. Qe1 {[%clk
0:42:50]} Qd5 {[%clk 0:32:18]} 28. N1d2 {[%clk 0:38:57]} a4 {[%clk 0:28:29]}
29. Nc1 {[%clk 0:36:44]} Nd4 {[%clk 0:26:34]} 30. c3 {[%clk 0:30:56]} bxc3
{[%clk 0:21:26]} 31. bxc3 {[%clk 0:31:15]} Bb7 {[%clk 0:18:34]} 32. Qe8+ {[%clk
0:29:09]} Kg7 {[%clk 0:18:51]} 33. Qe7+ {[%clk 0:29:33]} Kg8 {[%clk 0:18:28]}
34. Qe8+ {[%clk 0:28:19]} Kg7 {[%clk 0:18:45]} 35. Qe7+ {[%clk 0:27:15]} Kg8
{[%clk 0:18:48]} 36. Qe8+ {[%clk 0:26:29]} Kg7 {[%clk 0:19:09]} 1/2-1/2

[Event "DVM U16 2017"]
[Site "Walldorf GER"]
[Date "2017.12.27"]
[Round "1"]
[White "Wegmer, Leon"]
[Black "Schmied, Elias"]
[Result "1/2-1/2"]
[Termination "normal"]
[Board "7.4"]
[WhiteElo "1691"]
[BlackElo "1475"]
[WhiteClock "00:08:09"]
[BlackClock "01:07:24"]
[WhiteTeam "Karlsruher SF"]
[BlackTeam "SVG Saarbrücken"]
[PlyCount "116"]
[WhiteFideId "12983748"]
[BlackFideId "16255879"]
[EventCountry "GER"]
[EventRounds "7"]
[EventType "team-swiss"]
[EventDate "2017.12.26"]

1. e4 e6 2. d4 d5 3. Nc3 dxe4 4. Nxe4 Nf6 5. Bg5 Be7 6. Bxf6 Bxf6 7. Nf3 O-O 8.
c3 Nc6 9. Bb5 Bd7 10. O-O a6 11. Ba4 b5 12. Bc2 Na5 13. Qd3 g6 14. Nxf6+ Qxf6
15. Ne5 Qe7 16. b4 Nc6 17. Ng4 e5 {[%clk 1:09:55]} e5 {[%clk 0:41:03]} 18. Nxe5
{[%clk 1:08:54]} Nxe5 {[%clk 0:41:20]} 19. dxe5 {[%clk 1:09:13]} Bf5 {[%clk
0:41:41]} 20. Qe2 {[%clk 1:09:06]} Bxc2 {[%clk 0:41:55]} 21. Qxc2 {[%clk
1:09:35]} Qxe5 {[%clk 0:41:17]} 22. Rfe1 {[%clk 1:09:58]} Qf6 {[%clk 0:38:07]}
23. c4 {[%clk 1:08:28]} c6 {[%clk 0:37:18]} 24. c5 {[%clk 1:08:29]} Qd4 {[%clk
0:33:49]} 25. a3 {[%clk 1:07:49]} Rfe8 {[%clk 0:30:23]} 26. Red1 {[%clk
1:03:20]} Qf6 {[%clk 0:30:13]} 27. Re1 {[%clk 1:00:46]} Qd4 {[%clk 0:26:54]}
28. Rxe8+ {[%clk 1:00:43]} Rxe8 {[%clk 0:27:16]} 29. Rd1 {[%clk 1:00:52]} Qf6
{[%clk 0:26:33]} 30. Qd3 {[%clk 0:59:37]} Qb2 {[%clk 0:19:36]} 31. Qf3 {[%clk
0:54:19]} Qe2 {[%clk 0:18:39]} 32. Qxe2 {[%clk 0:51:21]} Rxe2 {[%clk 0:19:04]}
33. Kf1 {[%clk 0:51:16]} Ra2 {[%clk 0:19:16]} 34. Rd3 {[%clk 0:51:15]} Kg7
{[%clk 0:18:48]} 35. g4 {[%clk 0:51:11]} Kf6 {[%clk 0:14:30]} 36. f4 {[%clk
0:50:14]} h5 {[%clk 0:11:50]} 37. Rd6+ {[%clk 0:46:12]} Ke7 {[%clk 0:12:10]}
38. Rxc6 {[%clk 0:46:37]} Rxa3 {[%clk 0:12:05]} 39. Rc7+ {[%clk 0:46:41]} Ke6
{[%clk 0:11:18]} 40. f5+ {[%clk 0:44:23]} gxf5 {[%clk 0:05:33]} 41. gxh5 {[%clk
0:44:44]} Kf6 {[%clk 0:29:24]} 42. h6 {[%clk 1:14:58]} Kg6 {[%clk 0:29:32]} 43.
Rc6+ {[%clk 1:14:37]} Kh7 {[%clk 0:29:17]} 44. Rc8 {[%clk 1:07:18]} Kxh6 {[%clk
0:26:47]} 45. c6 {[%clk 1:07:43]} Rc3 {[%clk 0:26:23]} 46. c7 {[%clk 1:07:44]}
Kg7 {[%clk 0:26:26]} 47. h4 {[%clk 1:08:01]} Rc4 {[%clk 0:20:46]} 48. h5 {[%clk
1:08:24]} Rc3 {[%clk 0:19:01]} 49. Kf2 {[%clk 1:08:36]} f4 {[%clk 0:17:28]} 50.
Kg2 {[%clk 1:08:09]} f3+ {[%clk 0:17:17]} 51. Kf2 {[%clk 1:08:38]} Kh7 {[%clk
0:17:18]} 52. h6 {[%clk 1:08:19]} f6 {[%clk 0:17:30]} 53. Rf8 {[%clk 1:06:02]}
Rxc7 {[%clk 0:17:08]} 54. Rxf6 {[%clk 1:06:29]} Ra7 {[%clk 0:09:04]} 55. Kxf3
{[%clk 1:06:04]} a5 {[%clk 0:09:14]} 56. bxa5 {[%clk 1:06:33]} Rxa5 {[%clk
0:08:37]} 57. Rb6 {[%clk 1:07:01]} b4 {[%clk 0:08:09]} 58. Rxb4 {[%clk
1:07:24]} 1/2-1/2

[Event "DVM U16 2017"]
[Site "Walldorf GER"]
[Date "2017.12.27"]
[Round "1"]
[White "von Estorff, Jacob"]
[Black "Lieberwirth, Kasimir"]
[Result "0-1"]
[Termination "normal"]
[Board "8.1"]
[WhiteElo "1937"]
[BlackElo "2034"]
[WhiteClock "00:04:11"]
[BlackClock "00:22:09"]
[WhiteTeam "Post SV Uelzen"]
[BlackTeam "SG Turm Leipzig"]
[PlyCount "136"]
[WhiteFideId "12974501"]
[BlackFideId "12988146"]
[EventCountry "GER"]
[EventRounds "7"]
[EventType "team-swiss"]
[EventDate "2017.12.26"]

1. e4 c5 2. Nf3 d6 3. d4 cxd4 4. Nxd4 Nf6 5. Nc3 a6 6. h3 e5 7. Nb3 Be7 8. g4
Be6 9. Bg2 h6 10. O-O Nbd7 11. Nd5 Bxd5 12. exd5 O-O 13. c4 Rc8 14. Qe2 Qc7 15.
Nd2 a5 16. a4 Nc5 17. b3 Nh7 18. Rb1 Bg5 19. Ne4 Bxc1 20. Rfxc1 {[%clk
0:59:20]} f5 {[%clk 0:45:15]} 21. gxf5 {[%clk 0:52:07]} Rxf5 {[%clk 0:40:46]}
22. Nxc5 {[%clk 0:44:40]} Qxc5 {[%clk 0:39:36]} 23. Qe3 {[%clk 0:44:47]} b6
{[%clk 0:35:57]} 24. Rc3 {[%clk 0:35:32]} Rcf8 {[%clk 0:34:19]} 25. Rf1 {[%clk
0:33:02]} Rf4 {[%clk 0:30:30]} 26. Qxc5 {[%clk 0:22:58]} bxc5 {[%clk 0:30:42]}
27. Re3 {[%clk 0:22:48]} Ng5 {[%clk 0:29:23]} 28. f3 {[%clk 0:22:05]} Rd4
{[%clk 0:27:03]} 29. Rf2 {[%clk 0:21:07]} Rff4 {[%clk 0:26:25]} 30. Rfe2 {[%clk
0:19:48]} Kf7 {[%clk 0:25:30]} 31. Kf2 {[%clk 0:19:06]} Kg6 {[%clk 0:22:33]}
32. Kg3 {[%clk 0:18:16]} Nh7 {[%clk 0:19:49]} 33. Re4 {[%clk 0:18:07]} Nf6
{[%clk 0:19:59]} 34. Rxd4 {[%clk 0:16:11]} Rxd4 {[%clk 0:18:37]} 35. Kf2 {[%clk
0:15:36]} Nh5 {[%clk 0:17:24]} 36. Re4 {[%clk 0:12:15]} Rd2+ {[%clk 0:15:04]}
37. Re2 {[%clk 0:05:00]} Rxe2+ {[%clk 0:15:22]} 38. Kxe2 {[%clk 0:05:29]} Nf4+
{[%clk 0:15:43]} 39. Kf2 {[%clk 0:03:40]} Nxg2 {[%clk 0:06:50]} 40. Kxg2 {[%clk
0:04:03]} Kf5 {[%clk 0:07:15]} 41. Kf2 {[%clk 0:28:48]} Kf4 {[%clk 0:24:51]}
42. b4 {[%clk 0:13:28]} axb4 {[%clk 0:24:53]} 43. Ke2 {[%clk 0:11:33]} b3
{[%clk 0:25:17]} 44. Kd2 {[%clk 0:11:42]} b2 {[%clk 0:25:17]} 45. Kc2 {[%clk
0:12:06]} Kxf3 {[%clk 0:25:37]} 46. a5 {[%clk 0:12:33]} e4 {[%clk 0:25:49]} 47.
a6 {[%clk 0:12:59]} e3 {[%clk 0:26:10]} 48. a7 {[%clk 0:13:26]} e2 {[%clk
0:26:32]} 49. a8=Q {[%clk 0:13:52]} b1=Q+ {[%clk 0:26:33]} 50. Kxb1 {[%clk
0:14:15]} e1=Q+ {[%clk 0:26:53]} 51. Kc2 {[%clk 0:13:34]} Qe2+ {[%clk 0:26:57]}
52. Kc3 {[%clk 0:13:33]} Qe3+ {[%clk 0:27:20]} 53. Kb2 {[%clk 0:13:42]} Qd2+
{[%clk 0:27:33]} 54. Kb1 {[%clk 0:12:58]} Qb4+ {[%clk 0:27:29]} 55. Ka1 {[%clk
0:13:19]} Qc3+ {[%clk 0:27:38]} 56. Kb1 {[%clk 0:13:45]} Qb3+ {[%clk 0:27:58]}
57. Ka1 {[%clk 0:14:09]} Qxc4 {[%clk 0:27:52]} 58. Qf8+ {[%clk 0:13:09]} Qf4
{[%clk 0:28:07]} 59. Qg8 {[%clk 0:11:28]} Qe5+ {[%clk 0:26:54]} 60. Ka2 {[%clk
0:11:30]} Ke4 {[%clk 0:26:31]} 61. Qe6 {[%clk 0:11:22]} Kd4 {[%clk 0:26:45]}
62. Ka3 {[%clk 0:09:11]} c4 {[%clk 0:25:21]} 63. Kb4 {[%clk 0:09:04]} c3 {[%clk
0:23:48]} 64. Qg4+ {[%clk 0:09:06]} Qe4 {[%clk 0:23:05]} 65. Qxg7+ {[%clk
0:06:50]} Kd3+ {[%clk 0:23:12]} 66. Ka3 {[%clk 0:06:35]} c2 {[%clk 0:22:13]}
67. Qxh6 {[%clk 0:05:31]} Qe3 {[%clk 0:22:28]} 68. Qg6+ {[%clk 0:04:11]} Kc4+
{[%clk 0:22:09]} 0-1